Państwa według podpowiedzi - litera A - Statystyki

Ogólne statystyki
  • Ten quiz został rozwiązany 48 razy
  • Średni wynik to 11 z 12
Statystyki odpowiedzi
Podpowiedź Państwo % Poprawnych
Przed wprowadzeniem euro używało dwóch walut swoich dwóch sąsiadów Andora
100%
Nazwa państwa nawiązuje do słowa “ngola”, które oznacza tytuł władców państwa Ndongo Angola
100%
To jedyne państwo Ameryki Południowej, w którym występują uprawy jabłoni Argentyna
100%
Jej stolica Erywań jest nazywana Paryżem wschodu Armenia
97%
Z tego państwa pochodzi napój energetyczny Red Bull Austria
97%
W 2021 zostało przejęte przez Talibów Afganistan
94%
Od 1913 roku, kiedy to państwo zajęli Czarnogórcy, do 1920 roku stolicą państwa było miasto Durrës Albania
94%
Jest 10 największym państwem na świecie Algieria
94%
90% mieszkańców tego państwa mieszka na wybrzeżu Australia
94%
Większość mieszkańców tego małego państwa na Małych Antylach jest pochodzenia afrykańskiego Antigua i Barbuda
91%
Posiadacze izraelskiej pieczątki w paszporcie nie mogą wjechać na teren tego państwa Arabia Saudyjska
91%
Zajmuje pierwsze miejsce pod względem liczby wulkanów błotnych na świecie Azerbejdżan
91%
Nie znaleziono quizów pasujących do podanych kryteriów
Rozkład punktacji
Procent ludzi z każdym wynikiem
Percentyl według liczby udzielonych odpowiedzi
Twoja historia wyników
Nie rozwiązałeś tego quizu